[Event "ROC Nova College 2019"]
[Site "Haarlem"]
[Date "2019.06.30"]
[Round "5.2"]
[White "Sadler, Matthew D"]
[Black "Tabak, Stefan"]
[Result "1-0"]
[WhiteElo "2692"]
[BlackElo "2183"]
[Annotator "TA"]
[PlyCount "62"]
[EventDate "2019.06.28"]
[EventType "swiss"]
[EventCountry "NED"]
[SourceTitle "playchess.com"]
[Source "ChessBase"]
[SourceQuality "1"]

{[%evp 12,62,21,17,32,15,41,15,32,41,47,24,31,11,47,39,39,14,20,0,0,0,0,0,0,3,12,-2,-6,-33,-29,-28,-17,-18,246,219,239,240,226,227,321,313,817,803,777,755,693,693,29992,29993,29993,29994,29999]} 1. e4 c5 2. Nf3 Nc6 3. Bb5 g6 4. Bxc6 dxc6 5. d3 Bg7 6. h3 e5 7. O-O Qc7 {B31: Sicilian: 2...Nc6 3 Bb5 g6} 8. a3 (8. Be3 b6 9. a3 Nf6 10. b4 c4 11. Nbd2 cxd3 12. cxd3 O-O 13. Qc2 Rd8 14. a4 {1-0 (58) Lomasov,S (2553)-Gelfand,B (2673) Moscow 2018}) 8... Nf6 9. b4 cxb4 {The position is equal.} 10. axb4 O-O 11. Nbd2 $146 ({Predecessor:} 11. Bb2 Nh5 12. Nbd2 Be6 13. Re1 Rfd8 14. Ng5 Nf4 15. Nxe6 Nxe6 {1-0 (68) Mrdja,M (2368)-Sgnaolin,D (2118) Robecchetto 2002}) 11... Re8 12. Bb2 b5 13. Nb3 Nd7 14. Ra5 a6 15. c4 c5 16. cxb5 {Black must now prevent bxc5.} cxb4 17. Qd2 Qd6 18. Rc1 $36 {[%mdl 2048] Threatening Rc6. White has good play.} Bb7 19. Rc4 Bf8 $1 20. Qe3 axb5 21. Rxb5 {[%cal Ba5b5,Bb5b4,Bb4b7][%mdl 32]} Bc6 22. Rbxb4 Qe6 $2 {[%mdl 8192] [#]} (22... Qf6 $11 {and Black has nothing to worry.}) 23. Nbd4 $1 {[%mdl 512]} exd4 24. Nxd4 {[%mdl 64] Double Attack} Qd6 {Strongly threatening ...Bd5!} 25. Nxc6 Rec8 (25... Nc5 {was worth a try.}) 26. Rb7 $18 {And now Qc1 would win.} Nc5 $2 {[#]} (26... Rxc6 27. Rd4 Qc5) 27. Rxc5 $1 Qxc5 28. Qf4 {[%csl Gb7][%cal Rf4f7]} f5 29. exf5 Rxc6 30. fxg6 {[%csl Gb7][%cal Rg6h7]} Ra1+ 31. Kh2 {[%csl Gb7][%cal Rg6h7]} Qd6 {Accuracy: White = 44%, Black = 38%.} 1-0

[Event "ROC Nova College 2019"]
[Site "Haarlem"]
[Date "2019.06.30"]
[Round "5.3"]
[White "Admiraal, Miguoel"]
[Black "Jonkman, Harmen"]
[Result "1/2-1/2"]
[WhiteElo "2507"]
[BlackElo "2394"]
[Annotator "ChessBase"]
[PlyCount "53"]
[EventDate "2019.06.28"]
[EventType "swiss"]
[EventCountry "NED"]
[SourceTitle "playchess.com"]
[Source "ChessBase"]
[SourceQuality "1"]
[TimeControl "5400+15"]

1. c4 {[%emt 0:02:54]} b6 {[%emt 0:01:06]} 2. Nc3 {[%emt 0:02:16]} Bb7 {[%emt 0:00:11]} 3. e4 {[%emt 0:00:44]} e5 {[%emt 0:02:20]} 4. f4 {[%emt 0:00:54]} exf4 {[%emt 0:02:01]} 5. Nf3 {[%emt 0:12:17]} g5 {[%emt 0:01:54]} 6. h4 {[%emt 0:08:03]} g4 {[%emt 0:00:09]} 7. Ne5 {[%emt 0:00:31]} h5 {[%emt 0:00:43]} 8. d4 {[%emt 0:01:28]} Bg7 {[%emt 0:03:36]} 9. c5 {[%emt 0:09:20]} Nc6 {[%emt 0:26:06]} 10. Bxf4 {[%emt 0:15:22]} bxc5 {[%emt 0:05:20]} 11. Nxc6 {[%emt 0:02:33]} dxc6 {[%emt 0:12:14]} 12. dxc5 {[%emt 0:02:38]} Qe7 {[%emt 0:02:17]} 13. Bc4 {[%emt 0:13:13]} Qxc5 {[%emt 0:04:04]} 14. Qe2 {[%emt 0:02:11]} O-O-O {[%emt 0:01:45]} 15. Rc1 {[%emt 0:05:31]} Bh6 {[%emt 0:05:37]} 16. Rf1 {[%emt 0:02:21]} Bxf4 {[%emt 0:05:08]} 17. Rxf4 {[%emt 0:00:05]} Nh6 {[%emt 0:00:09]} 18. Nd1 {[%emt 0:07:41]} Kb8 {[%emt 0:01:57]} 19. Nf2 {[%emt 0:00:04]} g3 {[%emt 0:01:42]} 20. Nd3 {[%emt 0:00:13]} Qg1+ {[%emt 0:00:19]} 21. Rf1 {[%emt 0:00:03]} Qd4 {[%emt 0:01:20]} 22. Rc3 {[%emt 0:02:02]} Ng4 {[%emt 0:01:09]} 23. e5 {[%emt 0:01:16]} f6 {[%emt 0:09:34]} 24. Rf4 {[%emt 0:00:20]} Qg1+ {[%emt 0:00:19]} 25. Rf1 {[%emt 0:00:01]} Qd4 {[%emt 0:02:04]} 26. Rf4 {[%emt 0:00:01]} Qg1+ {[%emt 0:00:14]} 27. Rf1 {[%emt 0:00:02]} 1/2-1/2

[Event "ROC Nova College 2019"]
[Site "Haarlem"]
[Date "2019.06.30"]
[Round "5.4"]
[White "Boekelman, Jan"]
[Black "Arnaudov, G. Petar"]
[Result "0-1"]
[WhiteElo "2106"]
[BlackElo "2478"]
[Annotator "ChessBase"]
[PlyCount "50"]
[EventDate "2019.06.28"]
[EventType "swiss"]
[EventCountry "NED"]
[SourceTitle "playchess.com"]
[Source "ChessBase"]
[SourceQuality "1"]
[TimeControl "5400+15"]

1. d4 {[%emt 0:00:00]} Nf6 {[%emt 0:05:40]} 2. c4 {[%emt 0:00:00]} e6 {[%emt 0:02:03]} 3. Nf3 {[%emt 0:00:29]} d5 {[%emt 0:00:58]} 4. g3 {[%emt 0:00:24]} Be7 {[%emt 0:02:21]} 5. Bg2 {[%emt 0:00:15]} O-O {[%emt 0:00:07]} 6. O-O {[%emt 0:00:04]} c6 {[%emt 0:01:49]} 7. Nbd2 {[%emt 0:00:40]} b6 {[%emt 0:01:58]} 8. Qc2 {[%emt 0:00:50]} c5 {[%emt 0:00:16]} 9. e4 {[%emt 0:05:20]} Nc6 {[%emt 0:04:58]} 10. exd5 {[%emt 0:10:44]} exd5 {[%emt 0:00:37]} 11. dxc5 {[%emt 0:00:56]} bxc5 {[%emt 0:00:57]} 12. cxd5 {[%emt 0:12:09]} Nb4 {[%emt 0:01:46]} 13. Qb3 {[%emt 0:03:54]} Bf5 {[%emt 0:12:52]} 14. Nh4 {[%emt 0:09:31]} Bc2 {[%emt 0:03:42]} 15. Qc3 {[%emt 0:02:03]} Nfxd5 {[%emt 0:07:48]} 16. Bxd5 {[%emt 0:00:31]} Qxd5 {[%emt 0:00:10]} 17. a3 {[%emt 0:00:51]} Bf6 {[%emt 0:01:47]} 18. Qf3 {[%emt 0:03:06]} Qxf3 {[%emt 0:00:34]} 19. Ndxf3 {[%emt 0:02:39]} Nd3 {[%emt 0:01:37]} 20. Ne1 {[%emt 0:00:55]} Nxe1 {[%emt 0:03:18]} 21. Rxe1 {[%emt 0:00:46]} c4 {[%emt 0:00:14]} 22. Ng2 {[%emt 0:11:34]} c3 {[%emt 0:02:51]} 23. b4 {[%emt 0:00:26]} Ba4 {[%emt 0:00:35]} 24. Bf4 {[%emt 0:03:15]} Rfe8 {[%emt 0:01:29]} 25. Ra2 {[%emt 0:06:11]} c2 {[%emt 0:00:54]} 0-1

[Event "ROC Nova College 2019"]
[Site "Haarlem"]
[Date "2019.06.30"]
[Round "6.1"]
[White "Sadler, Matthew D"]
[Black "Van Oosterom, Chiel"]
[Result "1-0"]
[WhiteElo "2692"]
[BlackElo "2397"]
[Annotator "TA"]
[PlyCount "49"]
[EventDate "2019.06.28"]
[EventType "swiss"]
[EventCountry "NED"]
[SourceTitle "playchess.com"]
[Source "ChessBase"]
[SourceQuality "1"]

{[%evp 18,49,33,33,84,83,83,83,109,112,106,72,92,75,231,210,319,297,479,515,572,583,625,506,498,490,477,476,855,864,908,862,830,461]} 1. d4 f5 2. g3 Nf6 3. Bg2 g6 4. Nf3 Bg7 5. O-O O-O 6. c4 d6 7. Nc3 Qe8 8. b3 e5 9. dxe5 dxe5 10. e4 f4 {A87: Dutch Defence: Leningrad System: 5 Nf3} (10... Nc6 $14) (10... Nc6 11. Nd5 Qd7 12. exf5 e4 13. Ng5 gxf5 14. Rb1 Nxd5 15. cxd5 Nd4 16. Be3 c5 17. Qh5 h6 18. Bxd4 cxd4 19. Ne6 Rf7 {1-0 (31) Gupta,A (2613)-Bajarani,U (2551) Al Ain 2015}) 11. Nd5 $16 Nxd5 12. cxd5 h6 {White is better.} 13. Ba3 Rf7 14. h3 $146 ({Predecessor:} 14. Nh4 Kh7 15. Rc1 Bf6 16. d6 cxd6 17. Qxd6 Bxh4 18. gxh4 {1-0 (29) Ritter,U (2260)-Boehmer,C Ruhrgebiet 1999}) 14... b6 15. Rc1 a5 $2 (15... Na6 $16) 16. gxf4 $18 exf4 {[#]} (16... Rxf4 {was necessary.} 17. Rxc7 Bd7) 17. e5 $1 {[%mdl 512] aiming for e6.} c6 $2 (17... Na6 {keeps fighting.} 18. e6 Rf5) (17... Bxe5 18. Nxe5) 18. e6 {White is clearly winning.} Rf5 19. dxc6 Bxe6 20. Re1 Nxc6 {[#]} 21. Rxc6 $1 {[%mdl 576] Remove Defender} Qxc6 22. Nd4 {[%mdl 64] Double Attack, Discovered Attack} Qxg2+ (22... Qd7 $142) 23. Kxg2 f3+ 24. Kh1 Rd8 25. Nxf5 {Accuracy: White = 84%, Black = 12%.} 1-0

[Event "ROC Nova College 2019"]
[Site "Haarlem"]
[Date "2019.06.30"]
[Round "6.2"]
[White "Arnaudov, G. Petar"]
[Black "Zwirs, Nico"]
[Result "1/2-1/2"]
[WhiteElo "2478"]
[BlackElo "2387"]
[Annotator "ChessBase"]
[PlyCount "143"]
[EventDate "2019.06.28"]
[EventType "swiss"]
[EventCountry "NED"]
[SourceTitle "playchess.com"]
[Source "ChessBase"]
[SourceQuality "1"]
[TimeControl "5400+15"]

1. Nf3 {[%emt 0:00:00]} Nf6 {[%emt 0:00:00]} 2. c4 {[%emt 0:00:00]} g6 {[%emt 0:00:00]} 3. Nc3 {[%emt 0:00:01]} Bg7 {[%emt 0:00:04]} 4. d4 {[%emt 0:00:06]} d6 {[%emt 0:00:29]} 5. e4 {[%emt 0:00:06]} O-O {[%emt 0:00:06]} 6. h3 {[%emt 0:00:11]} e5 {[%emt 0:00:18]} 7. d5 {[%emt 0:00:08]} a5 {[%emt 0:00:14]} 8. g4 {[%emt 0:00:12]} Na6 {[%emt 0:00:33]} 9. Be3 {[%emt 0:00:07]} Nd7 {[%emt 0:01:08]} 10. a3 {[%emt 0:00:06]} Nb6 {[%emt 0:03:20]} 11. Rg1 {[%emt 0:02:32]} Bd7 {[%emt 0:00:45]} 12. h4 {[%emt 0:08:04]} Nc5 {[%emt 0:05:55]} 13. Nd2 {[%emt 0:03:45]} a4 {[%emt 0:13:26]} 14. Be2 {[%emt 0:01:34]} Nc8 {[%emt 0:06:05]} 15. Qc2 {[%emt 0:01:44]} Qe7 {[%emt 0:11:37]} 16. O-O-O {[%emt 0:00:22]} Na7 {[%emt 0:00:16]} 17. h5 {[%emt 0:05:25]} Rfb8 {[%emt 0:01:13]} 18. g5 {[%emt 0:02:06]} Qe8 {[%emt 0:05:41]} 19. Rg3 {[%emt 0:03:43]} Nb3+ {[%emt 0:08:10]} 20. Nxb3 {[%emt 0:01:23]} axb3 {[%emt 0:00:02]} 21. Qxb3 {[%emt 0:01:05]} c5 {[%emt 0:07:29]} 22. Kb1 {[%emt 0:03:59]} b5 {[%emt 0:00:51]} 23. cxb5 {[%emt 0:00:08]} Nxb5 {[%emt 0:00:16]} 24. Nxb5 {[%emt 0:00:10]} Bxb5 {[%emt 0:00:05]} 25. Bxb5 {[%emt 0:00:26]} Rxb5 {[%emt 0:00:06]} 26. Qd3 {[%emt 0:11:53]} Ra4 {[%emt 0:07:49]} 27. hxg6 {[%emt 0:01:40]} hxg6 {[%emt 0:00:08]} 28. Bc1 {[%emt 0:00:43]} Qb8 {[%emt 0:01:41]} 29. Qc2 {[%emt 0:01:58]} Qa7 {[%emt 0:00:55]} 30. Ka2 {[%emt 0:00:23]} Rbb4 {[%emt 0:00:51]} 31. Re1 {[%emt 0:01:43]} Qa8 {[%emt 0:03:17]} 32. Ka1 {[%emt 0:01:45]} Rb8 {[%emt 0:03:20]} 33. Rb3 {[%emt 0:01:44]} Rab4 {[%emt 0:00:07]} 34. Ree3 {[%emt 0:02:11]} Bf8 {[%emt 0:03:13]} 35. Kb1 {[%emt 0:02:11]} R4b7 {[%emt 0:00:07]} 36. Rxb7 {[%emt 0:00:33]} Qxb7 {[%emt 0:00:01]} 37. Ka2 {[%emt 0:00:53]} Qa6 {[%emt 0:00:16]} 38. Qe2 {[%emt 0:01:09]} Qa4 {[%emt 0:00:19]} 39. Rc3 {[%emt 0:00:52]} Rb4 {[%emt 0:02:04]} 40. f3 {[%emt 0:00:10]} Be7 {[%emt 0:01:02]} 41. Kb1 {[%emt 0:33:04]} Rb8 {[%emt 0:00:22]} 42. Qc2 {[%emt 0:00:00]} Qa6 {[%emt 0:00:41]} 43. Rc4 {[%emt 0:00:00]} Qxa3 {[%emt 0:00:17]} 44. Rc3 {[%emt 0:00:00]} Qa5 {[%emt 0:00:37]} 45. Qd3 {[%emt 0:00:00]} Qd8 {[%emt 0:01:47]} 46. Qd2 {[%emt 0:00:00]} Kg7 {[%emt 0:00:25]} 47. f4 {[%emt 0:00:00]} exf4 {[%emt 0:00:26]} 48. Qxf4 {[%emt 0:00:00]} Bf8 {[%emt 0:01:54]} 49. Rf3 {[%emt 0:00:00]} Rb7 {[%emt 0:01:00]} 50. Bd2 {[%emt 0:00:00]} Kg8 {[%emt 0:00:06]} 51. Bc3 {[%emt 0:00:00]} Bg7 {[%emt 0:00:08]} 52. Bxg7 {[%emt 0:00:00]} Kxg7 {[%emt 0:00:02]} 53. Rh3 {[%emt 0:00:00]} Rb4 {[%emt 0:01:29]} 54. Qh4 {[%emt 0:00:00]} Kf8 {[%emt 0:00:01]} 55. Qh8+ {[%emt 0:00:00]} Ke7 {[%emt 0:00:00]} 56. Qf6+ {[%emt 0:00:00]} Kd7 {[%emt 0:00:02]} 57. Qxf7+ {[%emt 0:00:00]} Qe7 {[%emt 0:00:04]} 58. Qxg6 {[%emt 0:00:00]} Qxe4+ {[%emt 0:00:01]} 59. Qxe4 {[%emt 0:00:00]} Rxe4 {[%emt 0:00:01]} 60. Rg3 {[%emt 0:00:00]} Ke7 {[%emt 0:00:42]} 61. g6 {[%emt 0:00:00]} Kf8 {[%emt 0:00:02]} 62. g7+ {[%emt 0:00:00]} Kg8 {[%emt 0:00:01]} 63. Rg6 {[%emt 0:00:00]} Rd4 {[%emt 0:00:09]} 64. Rxd6 {[%emt 0:00:00]} Kxg7 {[%emt 0:00:01]} 65. Kc2 {[%emt 0:00:00]} Kf7 {[%emt 0:00:22]} 66. Kc3 {[%emt 0:00:00]} Ke7 {[%emt 0:00:13]} 67. Rc6 {[%emt 0:00:00]} Rxd5 {[%emt 0:00:09]} 68. Kc4 {[%emt 0:00:00]} Rd2 {[%emt 0:00:06]} 69. b3 {[%emt 0:00:00]} Rc2+ {[%emt 0:00:14]} 70. Kd3 {[%emt 0:00:00]} Kd7 {[%emt 0:01:08]} 71. Rh6 {[%emt 0:00:00]} Rc1 {[%emt 0:00:08]} 72. Rg6 {[%emt 0:00:00]} 1/2-1/2

[Event "ROC Nova College 2019"]
[Site "Haarlem"]
[Date "2019.06.30"]
[Round "6.3"]
[White "Sumets, Andrey"]
[Black "Perez Garcia, Hebert"]
[Result "1-0"]
[WhiteElo "2577"]
[BlackElo "2056"]
[Annotator "ChessBase"]
[PlyCount "92"]
[EventDate "2019.06.28"]
[EventType "swiss"]
[EventCountry "NED"]
[SourceTitle "playchess.com"]
[Source "ChessBase"]
[SourceQuality "1"]
[TimeControl "5400+15"]

1. d4 {[%emt 0:00:14]} e6 {[%emt 0:01:02]} 2. e4 {[%emt 0:00:29]} d5 {[%emt 0:00:28]} 3. Nd2 {[%emt 0:00:25]} Nc6 {[%emt 0:04:34]} 4. Ngf3 {[%emt 0:00:07]} Nf6 {[%emt 0:00:19]} 5. e5 {[%emt 0:00:09]} Nd7 {[%emt 0:00:13]} 6. Bd3 {[%emt 0:00:06]} Nb4 {[%emt 0:00:46]} 7. Be2 {[%emt 0:00:06]} c5 {[%emt 0:00:06]} 8. c3 {[%emt 0:00:03]} Nc6 {[%emt 0:00:08]} 9. O-O {[%emt 0:00:12]} f6 {[%emt 0:01:43]} 10. exf6 {[%emt 0:00:06]} Nxf6 {[%emt 0:00:44]} 11. Re1 {[%emt 0:00:09]} Bd6 {[%emt 0:01:10]} 12. Bd3 {[%emt 0:06:51]} O-O {[%emt 0:00:28]} 13. dxc5 {[%emt 0:06:49]} Bxc5 {[%emt 0:00:26]} 14. Nb3 {[%emt 0:00:04]} Bd6 {[%emt 0:05:52]} 15. Nbd4 {[%emt 0:00:13]} Nxd4 {[%emt 0:02:31]} 16. cxd4 {[%emt 0:00:06]} Qb6 {[%emt 0:01:47]} 17. a4 {[%emt 0:05:36]} Bd7 {[%emt 0:02:06]} 18. a5 {[%emt 0:02:16]} Qc7 {[%emt 0:00:16]} 19. Ne5 {[%emt 0:00:49]} a6 {[%emt 0:06:18]} 20. Bd2 {[%emt 0:00:49]} Bb5 {[%emt 0:13:38]} 21. Rc1 {[%emt 0:01:10]} Qd8 {[%emt 0:01:45]} 22. Bb1 {[%emt 0:00:28]} Rc8 {[%emt 0:00:31]} 23. Rxc8 {[%emt 0:02:42]} Qxc8 {[%emt 0:00:02]} 24. Qb3 {[%emt 0:00:27]} Qe8 {[%emt 0:11:21]} 25. Qh3 {[%emt 0:07:35]} Qc8 {[%emt 0:25:43]} 26. Rc1 {[%emt 0:12:15]} Qe8 {[%emt 0:01:54]} 27. Bg5 {[%emt 0:05:38]} Ne4 {[%emt 0:00:29]} 28. Be3 {[%emt 0:00:30]} Rf5 {[%emt 0:00:45]} 29. g4 {[%emt 0:01:12]} Rf6 {[%emt 0:06:59]} 30. f3 {[%emt 0:03:53]} Bxe5 {[%emt 0:03:26]} 31. dxe5 {[%emt 0:00:06]} Rg6 {[%emt 0:00:00]} 32. fxe4 {[%emt 0:00:38]} Be2 {[%emt 0:00:00]} 33. g5 {[%emt 0:00:13]} d4 {[%emt 0:00:00]} 34. Bd2 {[%emt 0:36:04]} Qd8 {[%emt 0:00:00]} 35. Qg3 {[%emt 0:00:00]} h6 {[%emt 0:00:00]} 36. h4 {[%emt 0:00:00]} hxg5 {[%emt 0:00:00]} 37. hxg5 {[%emt 0:00:00]} d3 {[%emt 0:00:00]} 38. Rc3 {[%emt 0:00:00]} Qd4+ {[%emt 0:00:00]} 39. Qf2 {[%emt 0:00:00]} Qd8 {[%emt 0:00:34]} 40. Qe3 {[%emt 0:00:00]} Qf8 {[%emt 0:00:01]} 41. Qf2 {[%emt 0:00:00]} Qd8 {[%emt 0:00:01]} 42. Qf4 {[%emt 0:00:00]} Kh7 {[%emt 0:00:46]} 43. Kg2 {[%emt 0:00:00]} Qd7 {[%emt 0:00:54]} 44. Qg3 {[%emt 0:00:00]} Qd8 {[%emt 0:00:12]} 45. Bxd3 {[%emt 0:00:00]} Bxd3 {[%emt 0:01:17]} 46. Rxd3 {[%emt 0:00:00]} Qc7 {[%emt 0:00:15]} 1-0

[Event "ROC Nova College 2019"]
[Site "Haarlem"]
[Date "2019.06.30"]
[Round "6.4"]
[White "Kevlishvili, Robby"]
[Black "Admiraal, Miguoel"]
[Result "1-0"]
[WhiteElo "2473"]
[BlackElo "2507"]
[Annotator "ChessBase"]
[PlyCount "144"]
[EventDate "2019.06.28"]
[EventType "swiss"]
[EventCountry "NED"]
[SourceTitle "playchess.com"]
[Source "ChessBase"]
[SourceQuality "1"]
[TimeControl "5400+15"]

1. e4 {[%emt 0:00:00]} c6 {[%emt 0:00:00]} 2. d4 {[%emt 0:00:08]} d5 {[%emt 0:00:00]} 3. exd5 {[%emt 0:00:14]} cxd5 {[%emt 0:00:04]} 4. Bd3 {[%emt 0:00:04]} Nf6 {[%emt 0:00:39]} 5. c3 {[%emt 0:00:10]} Bg4 {[%emt 0:00:22]} 6. Qb3 {[%emt 0:01:53]} Qc7 {[%emt 0:02:18]} 7. Ne2 {[%emt 0:00:47]} Nc6 {[%emt 0:04:10]} 8. Bf4 {[%emt 0:01:07]} Qd7 {[%emt 0:00:06]} 9. Ng3 {[%emt 0:03:14]} Nh5 {[%emt 0:04:48]} 10. Be3 {[%emt 0:00:24]} e6 {[%emt 0:23:28]} 11. f3 {[%emt 0:06:03]} Nxg3 {[%emt 0:04:02]} 12. hxg3 {[%emt 0:00:54]} Bf5 {[%emt 0:00:04]} 13. Bxf5 {[%emt 0:00:08]} exf5 {[%emt 0:00:03]} 14. Nd2 {[%emt 0:01:11]} O-O-O {[%emt 0:01:43]} 15. O-O-O {[%emt 0:01:46]} h5 {[%emt 0:04:15]} 16. Kb1 {[%emt 0:00:49]} Na5 {[%emt 0:04:50]} 17. Qc2 {[%emt 0:00:58]} Bd6 {[%emt 0:00:07]} 18. Bf4 {[%emt 0:00:21]} Bxf4 {[%emt 0:01:38]} 19. gxf4 {[%emt 0:00:06]} Kb8 {[%emt 0:00:17]} 20. Rde1 {[%emt 0:01:40]} g6 {[%emt 0:00:48]} 21. Re5 {[%emt 0:05:51]} Nc6 {[%emt 0:02:14]} 22. Re3 {[%emt 0:00:11]} Qc7 {[%emt 0:01:12]} 23. Rhe1 {[%emt 0:00:45]} Qxf4 {[%emt 0:01:10]} 24. Nb3 {[%emt 0:00:17]} Qd6 {[%emt 0:05:11]} 25. Nc5 {[%emt 0:00:24]} b6 {[%emt 0:00:51]} 26. Nd3 {[%emt 0:00:52]} Rc8 {[%emt 0:06:22]} 27. Qa4 {[%emt 0:00:54]} Rhd8 {[%emt 0:07:34]} 28. Qb5 {[%emt 0:02:16]} Ka8 {[%emt 0:02:10]} 29. Ne5 {[%emt 0:02:59]} Nxe5 {[%emt 0:00:53]} 30. Rxe5 {[%emt 0:00:04]} Kb7 {[%emt 0:01:25]} 31. a4 {[%emt 0:01:21]} Qc6 {[%emt 0:02:29]} 32. Re7+ {[%emt 0:00:27]} Rc7 {[%emt 0:00:13]} 33. Rxc7+ {[%emt 0:00:28]} Qxc7 {[%emt 0:00:08]} 34. a5 {[%emt 0:00:35]} Qd7 {[%emt 0:01:59]} 35. a6+ {[%emt 0:00:56]} Kc7 {[%emt 0:00:07]} 36. Qe2 {[%emt 0:00:32]} Qd6 {[%emt 0:01:51]} 37. Qd2 {[%emt 0:03:06]} Kd7 {[%emt 0:01:45]} 38. Qd3 {[%emt 0:04:23]} Qc6 {[%emt 0:00:21]} 39. Qe2 {[%emt 0:02:03]} Qd6 {[%emt 0:03:27]} 40. Qb5+ {[%emt 0:00:33]} Kc7 {[%emt 0:00:06]} 41. Re5 {[%emt 0:00:25]} Qc6 {[%emt 0:01:28]} 42. Qe2 {[%emt 0:00:12]} b5 {[%emt 0:00:59]} 43. Re7+ {[%emt 0:03:05]} Rd7 {[%emt 0:00:12]} 44. Re8 {[%emt 0:00:42]} Qxa6 {[%emt 0:00:11]} 45. Ra8 {[%emt 0:01:40]} Qc6 {[%emt 0:02:11]} 46. Qe8 {[%emt 0:00:29]} Kb6 {[%emt 0:00:24]} 47. Rc8 {[%emt 0:02:20]} Rc7 {[%emt 0:00:38]} 48. Qd8 {[%emt 0:00:24]} Qd7 {[%emt 0:00:10]} 49. Rb8+ {[%emt 0:03:46]} Kc6 {[%emt 0:00:05]} 50. Qh8 {[%emt 0:03:20]} Rb7 {[%emt 0:00:28]} 51. Re8 {[%emt 0:02:04]} b4 {[%emt 0:00:28]} 52. cxb4 {[%emt 0:01:23]} Qd6 {[%emt 0:00:20]} 53. Rc8+ {[%emt 0:01:47]} Rc7 {[%emt 0:00:14]} 54. Rd8 {[%emt 0:04:33]} Qe7 {[%emt 0:00:16]} 55. b5+ {[%emt 0:02:02]} Kb6 {[%emt 0:00:15]} 56. Re8 {[%emt 0:03:57]} Qd6 {[%emt 0:00:15]} 57. Re3 {[%emt 0:00:53]} Kb7 {[%emt 0:00:31]} 58. Re8 {[%emt 0:01:32]} Kb6 {[%emt 0:00:00]} 59. Ra8 {[%emt 0:03:34]} Kxb5 {[%emt 0:00:13]} 60. Rb8+ {[%emt 0:02:41]} Kc4 {[%emt 0:00:11]} 61. Qe8 {[%emt 0:02:08]} Kxd4 {[%emt 0:00:16]} 62. Rb3 {[%emt 0:01:32]} Qe7 {[%emt 0:00:09]} 63. Qa4+ {[%emt 0:00:19]} Rc4 {[%emt 0:00:22]} 64. Qa5 {[%emt 0:03:48]} Qc7 {[%emt 0:00:17]} 65. Qe1 {[%emt 0:00:30]} Kc5 {[%emt 0:00:14]} 66. Qe8 {[%emt 0:01:54]} Kd6 {[%emt 0:00:15]} 67. Qf8+ {[%emt 0:00:37]} Kc6 {[%emt 0:00:16]} 68. Rb8 {[%emt 0:00:23]} Qd7 {[%emt 0:00:14]} 69. Qa3 {[%emt 0:00:51]} Qc7 {[%emt 0:00:17]} 70. Qa6+ {[%emt 0:00:08]} Qb6 {[%emt 0:00:15]} 71. Rxb6+ {[%emt 0:03:52]} axb6 72. Qa7 {[%emt 0:00:00]} g5 {[%emt 0:00:46]} 1-0